00450nam a2200157Ia 45000010006000000050017000060080041000230410008000640820016000721000032000882450115001202600009002353000032002446500008002766540008002842335120260414150931.0260414t2014||||xx |||||||||||||| ||spa|| aESP a629.89bR72 aRoca Cusidó, AlfredoeAUT 0aControl automático de procesos industriales :bcon prácticas de simulación y análisis por ordenador PC c2014 axv, 604 páginas :c24 cm. aTCA aCII